Fútbol - Selecciones que le ganaron a Francia desde el 2000 - Estadísticas

Estadísticas generales
  • Esta prueba ha sido intentada 103 veces
  • La puntuación promedio es 12 de 19
Estadísticas de respuestas
Cantidad Primera Última Equipo % Correcto
3 2012 2024 España
98%
1 2014 2014 Alemania
94%
2 2008 2024 Italia
90%
1 2016 2016 Portugal
90%
2 2022 2025 Croacia
76%
3 2000 2018 Países Bajos
76%
1 2010 2010 México
74%
2 2012 2017 Suecia
69%
3 2002 2022 Dinamarca
64%
1 2004 2004 Grecia
61%
1 2008 2008 Austria
54%
1 2010 2010 Sudáfrica
54%
1 2013 2013 Ucrania
48%
1 2002 2002 Senegal
47%
1 2019 2019 Turquía
46%
1 2001 2001 Australia
43%
2 2006 2007 Escocia
43%
1 2022 2022 Túnez
41%
1 2010 2010 Bielorrusia
11%
No se encontraron pruebas coincidentes
Distribución de puntuación
Porcentaje de gente con cada puntuación
Porcentaje por número respondido
Historial de tus puntuaciones
No has intentado esta prueba.